00765 a2200205 45000050016000000080041000160100017000570200022000740200026000960350017001220370026001390400017001650820012001821000021001942450153002152600043003682700102004113000029005137000017005422009100802442.0090226t xxu||||| |||| 00| 0 eng d aB-341869-901 a875155663c425.00 a9788175155664c425.00 aB-341869-901 bGalgotia Publications adplbEnglish a621.381 aKarna, Satish K. aTheory, objective questions with detailed solutions in electronics and communication for competitions /cby Satish K. Karna ;complied by Vibha Karna aNew DelhibGalgotia Publicationsc2008 a5, Ansari Road, Daryaganj, bNew Delhie110002k23263334, 23288134l23281909mgppl@indiatimes.com avi, 1047p.c28 cm. (pbk) aKarna, Vibha